Fluid mechanics through worked out problems (Record no. 2538)

000 -LEADER
fixed length control field 00578nam a22002177a 4500
001 - CONTROL NUMBER
control field 2538
003 - CONTROL NUMBER IDENTIFIER
control field BD-DhUET
008 - FIXED-LENGTH DATA ELEMENTS--GENERAL INFORMATION
fixed length control field 140924b xxu||||| |||| 00| 0 eng d
020 ## - INTERNATIONAL STANDARD BOOK NUMBER
International Standard Book Number 9843109230
040 ## - CATALOGING SOURCE
Transcribing agency 0
Modifying agency BD-DhUET
082 ## - DEWEY DECIMAL CLASSIFICATION NUMBER
Classification number 532
Item number QUA/2006
100 ## - MAIN ENTRY--PERSONAL NAME
Personal name Quamrul Islam , Md.
245 ## - TITLE STATEMENT
Title Fluid mechanics through worked out problems
250 ## - EDITION STATEMENT
Edition statement 1st ed.
260 ## - PUBLICATION, DISTRIBUTION, ETC. (IMPRINT)
Place of publication, distribution, etc. Gazipur
Name of publisher, distributor, etc. Islamic University of Technology
Date of publication, distribution, etc. 2006
300 ## - PHYSICAL DESCRIPTION
Extent xii,777 p.
504 ## - BIBLIOGRAPHY, ETC. NOTE
Bibliography, etc Includes bibliographies
650 #0 - SUBJECT ADDED ENTRY--TOPICAL TERM
Topical term or geographic name as entry element Fluid mechanics
700 ## - ADDED ENTRY--PERSONAL NAME
Personal name Mondal , Amalesh Chandra
942 ## - ADDED ENTRY ELEMENTS (KOHA)
Koha item type General Book
Holdings
Koha normalized classification for sorting Sublocation or collection (holding branch) Koha issues (times borrowed) Withdrawn status Price effective from Not for loan Koha item type Koha out on loan Shelving location Koha renewals Source of classification or shelving scheme Koha date last borrowed Koha full call number Date acquired Koha date last seen Lost status Damaged status Piece designation (barcode) Location (home branch) Copy number
532QUA2006Central Library, BUET9 2014-09-24 General Book2024-09-14Circulation section  2024-08-31532/QUA/20062014-09-242024-08-31  102749Central Library, BUET1
532_000000000000000_QUA_2006Central Library, BUET16 2014-09-24 General Book Circulation section  2025-08-10532/QUA/20062014-09-242025-11-09  102750Central Library, BUET2
532_000000000000000_QUA_2006Central Library, BUET15 2014-09-24 General Book Circulation section1 2026-03-30532/QUA/20062014-09-242026-04-12  102751Central Library, BUET3
532_000000000000000_QUA_2006Central Library, BUET24 2015-08-17 General Book2025-07-14Circulation section  2025-06-30532/QUA/20062015-08-172025-06-30  102748Central Library, BUET4
532_000000000000000_QUA_2006Central Library, BUET10 2018-04-21 General Book2023-12-16Circulation section  2023-12-02532/QUA/20062006-11-062023-12-02  102752Central Library, BUET5